| 000 | 00547nam a2200181 a 4500 | ||
|---|---|---|---|
| 001 | 000006428 | ||
| 005 | 20200929153929.0 | ||
| 008 | 880927s1988 cr 001 0 spa | ||
| 020 | _a997723275X | ||
| 040 |
_aDO-SdBNP _bspa _cBNPHU |
||
| 082 |
_aCa863.44 _bV179c |
||
| 100 | 1 |
_aVallbona, Rima de, _d1931- _917848 |
|
| 245 | 1 | 0 |
_aCosecha de pecadores / _cRima de Vallbona. |
| 260 |
_aSan José, Costa Rica : _bCosta Rica, _c1988. |
||
| 300 |
_a138 p. ; _c17 cm. |
||
| 650 | 4 |
_aCuentos costarrisenses _917849 |
|
| 650 | 4 |
_aLiteratura costarrisense _917850 |
|
| 999 |
_c6223 _d6223 |
||